[Event "European Rapid Championship 2021"]
[Site "Katowice"]
[Date "2021.12.19"]
[Round "11.6"]
[White "Piesik, Piotr"]
[Black "Janik, Igor"]
[Result "0-1"]
[WhiteElo "2342"]
[BlackElo "2462"]
[Annotator "ChessBase"]
[PlyCount "134"]
[EventDate "2021.12.18"]
[EventType "swiss"]
[EventCountry "POL"]
[SourceTitle "playchess.com"]
[Source "ChessBase"]
[SourceQuality "1"]
[TimeControl "900+10"]

1. d4 {[%emt 0:00:01]} Nf6 {[%emt 0:00:20]} 2. c4 {[%emt 0:00:02]} e6 {[%emt 0:
00:01]} 3. Nc3 {[%emt 0:00:01]} Bb4 {[%emt 0:00:04]} 4. f3 {[%emt 0:00:01]} c5
{[%emt 0:00:07]} 5. d5 {[%emt 0:00:02]} O-O {[%emt 0:00:09]} 6. e4 {[%emt 0:00:
02]} d6 {[%emt 0:00:02]} 7. Nge2 {[%emt 0:00:02]} a6 {[%emt 0:00:02]} 8. Ng3 {
[%emt 0:00:06]} exd5 {[%emt 0:00:08]} 9. cxd5 {[%emt 0:00:02]} b5 {[%emt 0:00:
02]} 10. Be2 {[%emt 0:00:14]} Nbd7 {[%emt 0:00:27]} 11. O-O {[%emt 0:00:39]} c4
{[%emt 0:00:07]} 12. a4 {[%emt 0:00:19]} Rb8 {[%emt 0:00:30]} 13. axb5 {
[%emt 0:00:09]} axb5 {[%emt 0:00:02]} 14. Kh1 {[%emt 0:00:43]} Nc5 {[%emt 0:00:
05]} 15. Bf4 {[%emt 0:00:17]} Re8 {[%emt 0:00:35]} 16. Ra2 {[%emt 0:01:16]} Qb6
{[%emt 0:01:42]} 17. Qc2 {[%emt 0:02:45]} Nfd7 {[%emt 0:01:31]} 18. Be3 {
[%emt 0:01:58]} Qd8 {[%emt 0:02:26]} 19. Nd1 {[%emt 0:01:12]} Nb3 {[%emt 0:00:
28]} 20. Nf2 {[%emt 0:03:26]} Bc5 {[%emt 0:00:09]} 21. Bxc5 {[%emt 0:00:01]}
Ndxc5 {[%emt 0:00:02]} 22. Qc3 {[%emt 0:00:23]} g6 {[%emt 0:01:21]} 23. Bd1 {
[%emt 0:00:59]} Qg5 {[%emt 0:01:31]} 24. Bxb3 {[%emt 0:00:12]} Nxb3 {[%emt 0:
00:02]} 25. Ra7 {[%emt 0:00:18]} Qd8 {[%emt 0:01:48]} 26. Ng4 {[%emt 0:00:42]}
Bxg4 {[%emt 0:00:17]} 27. fxg4 {[%emt 0:00:00]} Re7 {[%emt 0:00:15]} 28. Qe3 {
[%emt 0:01:23]} Nc5 {[%emt 0:00:32]} 29. Rxe7 {[%emt 0:01:23]} Qxe7 30. Qf4 {
[%emt 0:00:28]} Nd3 {[%emt 0:00:19]} 31. Qf3 {[%emt 0:00:24]} Ne5 {[%emt 0:00:
19]} 32. Qf4 {[%emt 0:00:19]} b4 33. Ne2 {[%emt 0:00:02]} Rc8 {[%emt 0:00:48]}
34. Nd4 {[%emt 0:00:21]} c3 {[%emt 0:00:02]} 35. bxc3 {[%emt 0:00:01]} bxc3 36.
Nc2 {[%emt 0:00:01]} Rb8 {[%emt 0:00:30]} 37. h3 {[%emt 0:00:28]} Rb2 {[%emt 0:
00:39]} 38. Nd4 {[%emt 0:00:19]} c2 {[%emt 0:01:05]} 39. Qd2 {[%emt 0:00:10]}
Nc4 {[%emt 0:00:53]} 40. Qd3 {[%emt 0:00:01]} Ne5 {[%emt 0:00:11]} 41. Qa6 {
[%emt 0:00:26]} Qc7 {[%emt 0:00:24]} 42. Rc1 {[%emt 0:00:15]} Rb1 {[%emt 0:00:
28]} 43. Qf1 {[%emt 0:00:01]} Qc4 {[%emt 0:00:57]} 44. Rxb1 {[%emt 0:00:19]}
cxb1=Q {[%emt 0:00:03]} 45. Qxb1 {[%emt 0:00:01]} Qxd4 46. Qb8+ {[%emt 0:00:03]
} Kg7 {[%emt 0:00:05]} 47. Qxd6 {[%emt 0:00:01]} Qxe4 {[%emt 0:00:05]} 48. g5 {
[%emt 0:00:07]} Qf5 {[%emt 0:00:44]} 49. Qe7 {[%emt 0:00:08]} Nc4 {[%emt 0:00:
07]} 50. Qc5 {[%emt 0:00:12]} Qf1+ {[%emt 0:00:12]} 51. Kh2 {[%emt 0:00:01]}
Qf4+ {[%emt 0:00:00]} 52. Kh1 {[%emt 0:00:03]} h6 {[%emt 0:00:30]} 53. gxh6+ {
[%emt 0:00:02]} Kxh6 {[%emt 0:00:03]} 54. Qf8+ {[%emt 0:00:19]} Kh7 {[%emt 0:
00:00]} 55. Qb4 {[%emt 0:00:37]} Qd4 {[%emt 0:00:14]} 56. Qb7 {[%emt 0:00:18]}
Kg7 {[%emt 0:00:07]} 57. Qc6 {[%emt 0:00:10]} Qa1+ {[%emt 0:00:05]} 58. Kh2 {
[%emt 0:00:01]} Qe5+ {[%emt 0:00:01]} 59. Kh1 {[%emt 0:00:01]} Nd6 {[%emt 0:00:
01]} 60. Qc5 {[%emt 0:00:14]} Nf5 {[%emt 0:00:09]} 61. Qc6 {[%emt 0:00:30]} Ne7
{[%emt 0:00:06]} 62. Qd7 {[%emt 0:00:07]} Nxd5 {[%emt 0:00:03]} 63. Qg4 {
[%emt 0:00:06]} Nf6 {[%emt 0:00:02]} 64. Qf3 {[%emt 0:00:04]} Ne4 {[%emt 0:00:
05]} 65. Kg1 {[%emt 0:00:06]} Ng3 {[%emt 0:00:09]} 66. Kf2 {[%emt 0:00:09]} Nf5
{[%emt 0:00:04]} 67. Kg1 {[%emt 0:00:00]} Qe3+ {[%emt 0:00:02]} 0-1

[Event "European Rapid Championship 2021"]
[Site "Katowice"]
[Date "2021.12.19"]
[Round "11.6"]
[White "Druckenthaner, Andreas"]
[Black "Mica, Marek"]
[Result "1-0"]
[WhiteElo "2291"]
[BlackElo "2060"]
[Annotator "NA"]
[PlyCount "109"]
[EventDate "2021.12.18"]
[EventType "swiss"]
[EventCountry "POL"]
[SourceTitle "playchess.com"]
[Source "ChessBase"]
[SourceQuality "1"]
[TimeControl "900+10"]

1. e4 {[%emt 0:00:03]} c6 {[%emt 0:00:02]} 2. d3 {[%emt 0:00:03]} d5 {[%emt 0:
00:03]} 3. Qe2 {[%emt 0:00:02]} dxe4 {[%emt 0:00:36]} 4. dxe4 {[%emt 0:00:02]}
e5 {[%emt 0:00:02]} 5. Nf3 {[%emt 0:00:05]} Qc7 {[%emt 0:00:04]} 6. Nbd2 {
[%emt 0:00:11]} Nf6 {[%emt 0:00:51]} 7. Nc4 {[%emt 0:00:10]} Nbd7 {[%emt 0:00:
03]} 8. Bg5 {[%emt 0:00:13]} b5 {[%emt 0:00:44]} 9. Bxf6 {[%emt 0:00:21]} bxc4
{[%emt 0:01:06]} 10. Bg5 {[%emt 0:00:02]} Nb6 {[%emt 0:00:15]} 11. c3 {[%emt 0:
00:22]} Be6 {[%emt 0:00:10]} 12. Be3 {[%emt 0:01:03]} f6 {[%emt 0:00:09]} 13.
Qc2 {[%emt 0:00:08]} Be7 {[%emt 0:00:53]} 14. Nd2 {[%emt 0:00:41]} c5 {[%emt 0:
00:20]} 15. Nxc4 {[%emt 0:00:25]} O-O {[%emt 0:00:38]} 16. Nd2 {[%emt 0:00:13]}
c4 {[%emt 0:00:33]} 17. Be2 {[%emt 0:00:27]} Bc5 {[%emt 0:00:16]} 18. Bxc5 {
[%emt 0:02:09]} Qxc5 {[%emt 0:00:01]} 19. O-O {[%emt 0:00:10]} a5 {[%emt 0:00:
02]} 20. Rad1 {[%emt 0:00:56]} a4 {[%emt 0:00:17]} 21. a3 {[%emt 0:00:13]} Ra5
{[%emt 0:00:42]} 22. Nf3 {[%emt 0:00:48]} Rb5 {[%emt 0:00:10]} 23. Rd2 {
[%emt 0:00:43]} Kf7 {[%emt 0:00:11]} 24. Rfd1 {[%emt 0:00:36]} Ke7 {[%emt 0:00:
06]} 25. Nh4 {[%emt 0:01:57]} g6 {[%emt 0:02:42]} 26. h3 {[%emt 0:00:05]} Rb8 {
[%emt 0:00:35]} 27. Bg4 {[%emt 0:00:22]} Bf7 {[%emt 0:00:04]} 28. Qc1 {[%emt 0:
00:52]} Qc6 {[%emt 0:01:19]} 29. Re2 {[%emt 0:00:40]} h5 {[%emt 0:00:37]} 30.
Bf3 {[%emt 0:00:27]} Nd7 {[%emt 0:00:23]} 31. Qh6 {[%emt 0:00:38]} Nf8 {
[%emt 0:02:27]} 32. Bxh5 {[%emt 0:00:29]} Rxb2 {[%emt 0:00:30]} 33. Rxb2 {
[%emt 0:00:15]} Rxb2 {[%emt 0:00:04]} 34. Bxg6 {[%emt 0:00:25]} Nxg6 {[%emt 0:
00:47]} 35. Nxg6+ {[%emt 0:00:47]} Bxg6 {[%emt 0:00:48]} 36. Qxg6 {[%emt 0:00:
03]} Rb3 {[%emt 0:00:13]} 37. Qh7+ {[%emt 0:01:08]} Ke6 {[%emt 0:00:12]} 38.
Qg8+ {[%emt 0:00:08]} Ke7 {[%emt 0:00:12]} 39. Rd8 {[%emt 0:00:26]} Rxc3 {
[%emt 0:01:00]} 40. Qf8+ {[%emt 0:00:14]} Ke6 {[%emt 0:00:06]} 41. Re8+ {
[%emt 0:00:04]} Qxe8 {[%emt 0:00:45]} 42. Qxe8+ {[%emt 0:00:02]} Kd6 {[%emt 0:
00:02]} 43. Qxa4 {[%emt 0:00:34]} Rc1+ {[%emt 0:00:02]} 44. Kh2 {[%emt 0:00:01]
} c3 {[%emt 0:00:08]} 45. Qb4+ {[%emt 0:00:15]} Kc6 {[%emt 0:00:15]} 46. a4 {
[%emt 0:00:17]} f5 {[%emt 0:00:37]} 47. exf5 {[%emt 0:00:07]} Kd5 {[%emt 0:00:
13]} 48. a5 {[%emt 0:00:29]} e4 {[%emt 0:00:15]} 49. a6 {[%emt 0:00:03]} Ke5 {
[%emt 0:00:16]} 50. a7 {[%emt 0:00:07]} c2 {[%emt 0:00:13]} 51. Qc5+ {[%emt 0:
00:11]} Kf6 {[%emt 0:00:25]} 52. a8=Q {[%emt 0:00:06]} e3 {[%emt 0:00:09]} 53.
Qaf8+ {[%emt 0:00:12]} Kg5 {[%emt 0:00:03]} 54. Qxe3+ {[%emt 0:00:03]} Kh5 {
[%emt 0:00:11]} 55. Qfh6# 1-0

[Event "European Rapid Championship 2021"]
[Site "Katowice"]
[Date "2021.12.19"]
[Round "11.7"]
[White "Gumularz, Szymon"]
[Black "Bjerre, Jonas Buhl"]
[Result "0-1"]
[WhiteElo "2452"]
[BlackElo "2330"]
[Annotator "ChessBase"]
[PlyCount "84"]
[EventDate "2021.12.18"]
[EventType "swiss"]
[EventCountry "POL"]
[SourceTitle "playchess.com"]
[Source "ChessBase"]
[SourceQuality "1"]
[TimeControl "900+10"]

1. e4 {[%emt 0:00:03]} c5 {[%emt 0:00:01]} 2. Nf3 {[%emt 0:00:02]} d6 {[%emt 0:
00:01]} 3. Bb5+ {[%emt 0:00:02]} Bd7 {[%emt 0:00:01]} 4. Bxd7+ {[%emt 0:00:06]}
Nxd7 {[%emt 0:00:02]} 5. O-O {[%emt 0:00:16]} Ngf6 {[%emt 0:00:01]} 6. Re1 {
[%emt 0:00:05]} e6 {[%emt 0:00:04]} 7. d4 {[%emt 0:00:04]} cxd4 {[%emt 0:00:06]
} 8. Nxd4 {[%emt 0:00:03]} Qa5 {[%emt 0:00:33]} 9. b3 {[%emt 0:00:26]} a6 {
[%emt 0:02:25]} 10. Bb2 {[%emt 0:00:15]} Be7 {[%emt 0:00:23]} 11. c4 {[%emt 0:
00:05]} Rc8 {[%emt 0:00:03]} 12. Nc3 {[%emt 0:00:17]} O-O {[%emt 0:00:03]} 13.
Qd2 {[%emt 0:00:22]} Bd8 {[%emt 0:00:09]} 14. Rad1 {[%emt 0:00:17]} Bc7 {
[%emt 0:00:14]} 15. Kh1 {[%emt 0:00:11]} Qh5 {[%emt 0:00:11]} 16. h3 {[%emt 0:
00:16]} Rfd8 {[%emt 0:00:34]} 17. Qe3 {[%emt 0:00:56]} Ba5 {[%emt 0:00:50]} 18.
Nde2 {[%emt 0:00:52]} Qh4 {[%emt 0:01:33]} 19. Kg1 {[%emt 0:02:32]} Nc5 {
[%emt 0:00:29]} 20. Ng3 {[%emt 0:01:20]} b5 {[%emt 0:00:39]} 21. cxb5 {[%emt 0:
04:39]} axb5 {[%emt 0:00:01]} 22. Rd4 {[%emt 0:00:33]} e5 {[%emt 0:01:29]} 23.
Rxd6 {[%emt 0:00:32]} Rxd6 {[%emt 0:01:57]} 24. Nf5 {[%emt 0:00:02]} Rd3 {
[%emt 0:00:49]} 25. Nxh4 {[%emt 0:00:13]} Rxe3 {[%emt 0:00:02]} 26. Rxe3 {
[%emt 0:00:02]} b4 {[%emt 0:00:15]} 27. Nd5 {[%emt 0:00:28]} Nxd5 {[%emt 0:00:
12]} 28. exd5 {[%emt 0:00:02]} f6 {[%emt 0:00:02]} 29. Nf5 {[%emt 0:00:05]} Kf8
{[%emt 0:00:27]} 30. g4 {[%emt 0:01:03]} Rd8 {[%emt 0:00:15]} 31. Re2 {[%emt 0:
03:49]} Rxd5 {[%emt 0:01:12]} 32. Ne3 {[%emt 0:00:10]} Rd8 {[%emt 0:00:06]} 33.
Rc2 {[%emt 0:00:17]} Bb6 {[%emt 0:00:21]} 34. Nc4 {[%emt 0:00:07]} Ba7 {
[%emt 0:00:03]} 35. Bc1 {[%emt 0:00:05]} Rd1+ {[%emt 0:00:13]} 36. Kh2 {
[%emt 0:00:09]} Nd3 {[%emt 0:00:30]} 37. Be3 {[%emt 0:00:01]} Ne1 {[%emt 0:01:
43]} 38. Re2 {[%emt 0:00:01]} Bb8 {[%emt 0:00:16]} 39. h4 {[%emt 0:00:35]} Nf3+
{[%emt 0:01:10]} 40. Kg2 {[%emt 0:00:04]} e4 {[%emt 0:01:28]} 41. Bc5+ {
[%emt 0:00:17]} Kf7 {[%emt 0:00:07]} 42. Ne3 {[%emt 0:00:15]} Nxh4+ {[%emt 0:
00:07]} 0-1

[Event "European Rapid Championship 2021"]
[Site "Katowice"]
[Date "2021.12.19"]
[Round "11.7"]
[White "Kacprzak, Karol"]
[Black "Balacek, Tadeas"]
[Result "1-0"]
[WhiteElo "2038"]
[BlackElo "2354"]
[Annotator "NA"]
[PlyCount "69"]
[EventDate "2021.12.18"]
[EventType "swiss"]
[EventCountry "POL"]
[SourceTitle "playchess.com"]
[Source "ChessBase"]
[SourceQuality "1"]
[TimeControl "900+10"]

1. e4 {[%emt 0:00:02]} e6 {[%emt 0:00:01]} 2. d4 {[%emt 0:00:02]} d5 {[%emt 0:
00:00]} 3. Nc3 {[%emt 0:00:01]} Nf6 {[%emt 0:00:01]} 4. Bg5 {[%emt 0:00:02]}
Bb4 {[%emt 0:00:02]} 5. e5 {[%emt 0:00:08]} h6 {[%emt 0:00:02]} 6. Bc1 {
[%emt 0:01:30]} Ne4 {[%emt 0:00:03]} 7. Qg4 {[%emt 0:00:29]} g6 {[%emt 0:00:21]
} 8. Bd3 {[%emt 0:01:09]} c5 {[%emt 0:02:32]} 9. dxc5 {[%emt 0:04:03]} h5 {
[%emt 0:01:42]} 10. Qf3 {[%emt 0:01:21]} Qa5 {[%emt 0:01:18]} 11. Bxe4 {
[%emt 0:02:33]} dxe4 {[%emt 0:00:05]} 12. Qe3 {[%emt 0:00:15]} Bd7 {[%emt 0:00:
52]} 13. Nge2 {[%emt 0:00:09]} Bxc5 {[%emt 0:00:04]} 14. Qf4 {[%emt 0:00:23]}
Nc6 {[%emt 0:01:36]} 15. Bd2 {[%emt 0:01:13]} Be7 {[%emt 0:00:28]} 16. Nxe4 {
[%emt 0:00:12]} Qxe5 {[%emt 0:00:16]} 17. Qxe5 {[%emt 0:00:05]} Nxe5 {[%emt 0:
00:02]} 18. Bc3 {[%emt 0:00:01]} f6 {[%emt 0:00:03]} 19. Nf4 {[%emt 0:00:55]}
Bc6 {[%emt 0:02:42]} 20. f3 {[%emt 0:00:10]} Bxe4 {[%emt 0:01:06]} 21. fxe4 {
[%emt 0:00:04]} Bd6 {[%emt 0:00:01]} 22. O-O-O {[%emt 0:01:13]} Nf7 {[%emt 0:
01:45]} 23. Nxe6 {[%emt 0:00:33]} Ke7 {[%emt 0:00:13]} 24. Nd4 {[%emt 0:00:01]}
Bf4+ {[%emt 0:00:23]} 25. Kb1 {[%emt 0:00:02]} Be5 {[%emt 0:00:03]} 26. Nb5 {
[%emt 0:00:24]} Rhd8 {[%emt 0:01:14]} 27. Bxe5 {[%emt 0:00:26]} Nxe5 {[%emt 0:
00:02]} 28. Nc7 {[%emt 0:00:07]} Rxd1+ {[%emt 0:00:28]} 29. Rxd1 {[%emt 0:00:
01]} Rc8 {[%emt 0:00:01]} 30. Nd5+ {[%emt 0:00:04]} Ke6 {[%emt 0:00:01]} 31.
Rf1 {[%emt 0:00:13]} Nd7 {[%emt 0:00:01]} 32. Nf4+ {[%emt 0:00:15]} Ke5 {
[%emt 0:00:20]} 33. Nxg6+ {[%emt 0:00:10]} Kxe4 {[%emt 0:00:02]} 34. Re1+ {
[%emt 0:00:32]} Kd4 {[%emt 0:00:24]} 35. Rd1+ {[%emt 0:00:03]} 1-0

[Event "European Rapid Championship 2021"]
[Site "Katowice"]
[Date "2021.12.19"]
[Round "11.8"]
[White "Sumets, Andrey"]
[Black "Kosakowski, Jakub"]
[Result "1/2-1/2"]
[WhiteElo "2508"]
[BlackElo "2438"]
[Annotator "ChessBase"]
[PlyCount "44"]
[EventDate "2021.12.18"]
[EventType "swiss"]
[EventCountry "POL"]
[SourceTitle "playchess.com"]
[Source "ChessBase"]
[SourceQuality "1"]
[TimeControl "900+10"]

1. d4 {[%emt 0:00:01]} Nf6 {[%emt 0:00:02]} 2. c4 {[%emt 0:00:01]} e6 {[%emt 0:
00:02]} 3. Nf3 {[%emt 0:00:03]} c5 {[%emt 0:00:03]} 4. d5 {[%emt 0:00:02]} b5 {
[%emt 0:00:02]} 5. dxe6 {[%emt 0:00:26]} fxe6 {[%emt 0:00:01]} 6. cxb5 {
[%emt 0:00:00]} d5 {[%emt 0:00:02]} 7. g3 {[%emt 0:00:03]} a6 {[%emt 0:00:40]}
8. bxa6 {[%emt 0:00:03]} Bxa6 {[%emt 0:00:14]} 9. Bh3 {[%emt 0:00:40]} Bc8 {
[%emt 0:01:53]} 10. O-O {[%emt 0:00:10]} Be7 {[%emt 0:00:03]} 11. Nbd2 {
[%emt 0:01:39]} O-O {[%emt 0:00:46]} 12. e4 {[%emt 0:00:04]} Nc6 {[%emt 0:00:
48]} 13. Re1 {[%emt 0:05:41]} Nxe4 {[%emt 0:01:54]} 14. Nxe4 {[%emt 0:01:10]}
dxe4 {[%emt 0:00:03]} 15. Nd2 {[%emt 0:03:01]} Ne5 {[%emt 0:03:07]} 16. Bg2 {
[%emt 0:00:40]} Nd3 {[%emt 0:00:35]} 17. Rf1 {[%emt 0:01:46]} Nxf2 {[%emt 0:01:
19]} 18. Qe1 {[%emt 0:01:08]} Qd4 {[%emt 0:01:57]} 19. Nb3 {[%emt 0:00:41]}
Nh3+ {[%emt 0:00:20]} 20. Kh1 {[%emt 0:00:00]} Rxf1+ {[%emt 0:00:07]} 21. Qxf1
{[%emt 0:00:09]} Nf2+ {[%emt 0:00:02]} 22. Kg1 {[%emt 0:00:01]} Nh3+ {[%emt 0:
00:02]} 1/2-1/2

[Event "European Rapid Championship 2021"]
[Site "Katowice"]
[Date "2021.12.19"]
[Round "11.8"]
[White "Malek, Jan"]
[Black "Wisniewski, Adrian"]
[Result "1-0"]
[WhiteElo "2029"]
[BlackElo "2351"]
[Annotator "NA"]
[PlyCount "59"]
[EventDate "2021.12.18"]
[EventType "swiss"]
[EventCountry "POL"]
[SourceTitle "playchess.com"]
[Source "ChessBase"]
[SourceQuality "1"]
[TimeControl "900+10"]

1. e4 {[%emt 0:00:02]} e6 2. d4 {[%emt 0:00:02]} d5 {[%emt 0:00:03]} 3. Nc3 {
[%emt 0:00:01]} Bb4 {[%emt 0:00:03]} 4. exd5 {[%emt 0:00:02]} exd5 {[%emt 0:00:
02]} 5. Bd3 {[%emt 0:00:01]} Ne7 {[%emt 0:00:32]} 6. Nge2 {[%emt 0:00:15]} Nbc6
{[%emt 0:00:10]} 7. O-O {[%emt 0:00:05]} Bg4 {[%emt 0:00:28]} 8. a3 {[%emt 0:
00:24]} Bxc3 {[%emt 0:00:27]} 9. bxc3 {[%emt 0:00:02]} Qd7 {[%emt 0:00:07]} 10.
Rb1 {[%emt 0:00:17]} O-O-O {[%emt 0:00:16]} 11. h3 {[%emt 0:00:09]} Bh5 {
[%emt 0:00:27]} 12. Qd2 {[%emt 0:00:08]} Bg6 {[%emt 0:00:35]} 13. Nf4 {[%emt 0:
00:16]} Na5 {[%emt 0:01:11]} 14. Nxg6 {[%emt 0:00:53]} hxg6 {[%emt 0:00:06]}
15. Qe2 {[%emt 0:00:49]} Nf5 {[%emt 0:01:40]} 16. Rb5 {[%emt 0:00:35]} Rhe8 {
[%emt 0:01:33]} 17. Qf3 {[%emt 0:00:06]} b6 {[%emt 0:00:59]} 18. Bg5 {[%emt 0:
02:17]} c6 {[%emt 0:03:08]} 19. Rxa5 {[%emt 0:00:41]} bxa5 {[%emt 0:01:09]} 20.
Rb1 {[%emt 0:01:15]} Kc7 {[%emt 0:00:50]} 21. c4 {[%emt 0:02:58]} Rb8 {[%emt 0:
03:41]} 22. Bf4+ {[%emt 0:00:04]} Nd6 {[%emt 0:00:00]} 23. Rxb8 {[%emt 0:00:05]
} Kxb8 {[%emt 0:00:03]} 24. c5 {[%emt 0:00:02]} Ka8 {[%emt 0:00:05]} 25. cxd6 {
[%emt 0:00:06]} g5 {[%emt 0:00:05]} 26. Bg3 {[%emt 0:00:04]} f6 {[%emt 0:00:03]
} 27. Bf5 {[%emt 0:00:06]} Qd8 {[%emt 0:00:01]} 28. d7 {[%emt 0:00:04]} Re1+ {
[%emt 0:00:02]} 29. Kh2 {[%emt 0:00:02]} g6 {[%emt 0:00:05]} 30. Qc3 {[%emt 0:
00:14]} 1-0

[Event "European Rapid Championship 2021"]
[Site "Katowice"]
[Date "2021.12.19"]
[Round "11.9"]
[White "Kovalenko, Igor"]
[Black "Kalogeris, Ioannis"]
[Result "1-0"]
[WhiteElo "2649"]
[BlackElo "2357"]
[Annotator "TA"]
[PlyCount "85"]
[EventDate "2021.12.18"]
[EventType "swiss"]
[EventCountry "POL"]
[SourceTitle "playchess.com"]
[Source "ChessBase"]
[SourceQuality "1"]

{[%evp 9,85,14,26,16,35,14,8,0,0,5,53,0,0,0,0,5,59,63,58,58,59,75,64,67,54,47,
64,66,52,0,37,39,41,30,34,20,31,26,22,19,31,30,83,0,35,10,15,15,14,16,19,21,25,
15,15,16,13,11,16,15,25,8,43,47,93,91,337,328,324,321,513,463,949,864,1678,
1571,1069,925]} 1. d4 d5 2. c4 c6 3. cxd5 cxd5 4. Bf4 Nc6 5. e3 Nf6 6. Bb5 {
D10: Slav Defence: 3 cxd5 (without early Nf3) and 3 Nc3.} Bd7 7. Nf3 a6 8. Bxc6
{The position is equal.} Bxc6 9. Ne5 {[#]} Qb6 $146 (9... Rc8 $11) ({
Predecessor:} 9... e6 10. O-O Be7 11. Nxc6 bxc6 12. Nd2 O-O 13. Rc1 Qb6 14. Qb3
Qa5 15. Nf3 Nh5 {1-0 (35) Ivanisevic,I (2606)-Czerw,D (2306) Belgrade 2021})
10. Nd2 (10. Nxc6 $14 Qxc6 11. O-O) 10... e6 $11 11. O-O Be7 12. Qb3 Qa5 (12...
Qxb3 $11 13. Nxb3 Ba4) 13. Nxc6 $14 bxc6 {[#]} 14. Qb7 $1 {[%csl LRa8,LRc6]}
O-O 15. Nb3 (15. Qxe7 {seems wilder.} Qxd2 16. Qa3 a5 17. f3 Qe2 18. Rac1)
15... Qb4 16. Qxb4 {White is more active.} ({Don't blunder} 16. Qxc6 $2 Rfc8
17. Bc7 Ra7 $19) 16... Bxb4 17. Rfc1 Rfc8 18. Rc2 a5 19. Rac1 ({Better is} 19.
Nc1 $14) 19... a4 (19... Ra6 {looks sharper.} 20. f3 Nh5 21. Bg5 h6 22. Bh4 a4)
20. Nc5 Bxc5 21. Rxc5 Ra6 {[%cal Og7g5]} 22. f3 {[%cal Oc5b5]} Nd7 23. R5c3 f6
24. Bd6 Kf7 25. e4 Rb6 (25... Nf8 $11) 26. R1c2 (26. exd5 $16 {[%cal Rc3c6]}
exd5 27. Re1) 26... Rb5 27. Ba3 (27. Ra3 {feels hotter.} Nb6 28. b3 Ra5 29. Rc3
Raa8 30. e5) 27... Nb6 28. Rxc6 Rxc6 29. Rxc6 $11 {[%mdl 4096] [#] Endgame
Rc7+ is the strong threat. KRB-KRN} Nc4 30. Rc7+ Kg8 $1 31. exd5 exd5 32. Ra7
Nxb2 33. Kf2 Nd3+ 34. Kg3 h5 35. h4 Nb4 36. Kf4 g6 (36... Nc2 $14 37. Rxa4 Kh7)
37. Rxa4 $16 Nxa2 {Loses the game.} (37... Nd3+ $16 38. Ke3 Ne1) 38. Ra8+ $18
Kf7 39. Ra7+ Kg8 (39... Ke8 $142 40. Re7+ Kd8) 40. Be7 $1 {[%csl LRa2,LRf6]
White is clearly winning.} Nb4 (40... Rb2 $142 41. g3 Nc3 42. Bxf6 Ra2) 41.
Bxf6 {Strongly threatening Kg5.} Nc6 42. Rc7 Rb6 43. Kg5 {Weighted Error Value:
White=0.09 (flawless) /Black=0.34} 1-0

[Event "European Rapid Championship 2021"]
[Site "Katowice"]
[Date "2021.12.19"]
[Round "11.9"]
[White "Hasterok, Mateusz"]
[Black "Szwed, Jacek"]
[Result "1/2-1/2"]
[WhiteElo "2132"]
[BlackElo "2372"]
[Annotator "NA"]
[PlyCount "96"]
[EventDate "2021.12.18"]
[EventType "swiss"]
[EventCountry "POL"]
[SourceTitle "playchess.com"]
[Source "ChessBase"]
[SourceQuality "1"]
[TimeControl "900+10"]

1. d4 {[%emt 0:00:02]} c5 {[%emt 0:00:43]} 2. d5 {[%emt 0:00:05]} g6 {[%emt 0:
00:08]} 3. c4 {[%emt 0:00:05]} Bg7 {[%emt 0:00:03]} 4. Nc3 {[%emt 0:00:01]} d6
{[%emt 0:00:01]} 5. e4 {[%emt 0:00:05]} e6 {[%emt 0:00:07]} 6. Be3 {[%emt 0:00:
12]} exd5 {[%emt 0:00:30]} 7. cxd5 {[%emt 0:00:03]} a6 {[%emt 0:00:03]} 8. a4 {
[%emt 0:00:05]} Ne7 {[%emt 0:01:12]} 9. Qd2 {[%emt 0:00:19]} O-O {[%emt 0:00:
27]} 10. h4 {[%emt 0:00:25]} h5 {[%emt 0:00:43]} 11. Nh3 {[%emt 0:00:35]} Bxh3
{[%emt 0:00:49]} 12. Rxh3 {[%emt 0:00:03]} Nd7 {[%emt 0:00:04]} 13. Be2 {
[%emt 0:00:19]} b5 {[%emt 0:01:26]} 14. axb5 {[%emt 0:00:30]} axb5 {[%emt 0:00:
01]} 15. Rxa8 {[%emt 0:00:35]} Qxa8 16. Nxb5 {[%emt 0:00:05]} Rb8 {[%emt 0:00:
28]} 17. Bg5 {[%emt 0:00:47]} Nc8 {[%emt 0:01:15]} 18. Ra3 {[%emt 0:00:13]} Qb7
{[%emt 0:00:15]} 19. f3 {[%emt 0:02:47]} Ne5 {[%emt 0:00:47]} 20. Qa5 {[%emt 0:
00:24]} c4 {[%emt 0:01:07]} 21. b3 {[%emt 0:06:23]} Nd3+ {[%emt 0:07:45]} 22.
Bxd3 {[%emt 0:00:39]} cxd3 {[%emt 0:00:00]} 23. Nc3 {[%emt 0:00:15]} Kh7 {
[%emt 0:00:34]} 24. Bd2 {[%emt 0:00:15]} Qe7 {[%emt 0:00:11]} 25. g3 {[%emt 0:
00:17]} Nb6 {[%emt 0:00:18]} 26. Qa7 {[%emt 0:00:25]} Rb7 {[%emt 0:00:05]} 27.
Qa6 {[%emt 0:00:02]} Rb8 {[%emt 0:00:23]} 28. Qxd3 {[%emt 0:00:09]} Nd7 {
[%emt 0:00:01]} 29. Ra7 {[%emt 0:00:15]} Rxb3 {[%emt 0:00:08]} 30. Qc4 {
[%emt 0:00:11]} Ne5 {[%emt 0:00:16]} 31. Rxe7 {[%emt 0:00:41]} Nxc4 {[%emt 0:
00:01]} 32. Rxf7 {[%emt 0:00:31]} Rb2 {[%emt 0:00:26]} 33. Bc1 {[%emt 0:00:29]}
Rc2 34. Ne2 {[%emt 0:00:08]} Ne5 {[%emt 0:00:17]} 35. Rb7 {[%emt 0:00:26]}
Nxf3+ {[%emt 0:00:09]} 36. Kd1 {[%emt 0:00:01]} Ra2 {[%emt 0:00:06]} 37. Nc3 {
[%emt 0:00:51]} Rg2 {[%emt 0:00:16]} 38. Ne2 {[%emt 0:00:09]} Kg8 {[%emt 0:00:
09]} 39. Rb8+ {[%emt 0:00:24]} Kh7 {[%emt 0:00:01]} 40. Rb3 {[%emt 0:00:31]}
Ne5 {[%emt 0:00:21]} 41. Rb7 {[%emt 0:00:01]} Kg8 {[%emt 0:00:06]} 42. Bf4 {
[%emt 0:00:04]} Rf2 {[%emt 0:00:15]} 43. Ke1 {[%emt 0:00:41]} Nd3+ {[%emt 0:00:
03]} 44. Kd2 {[%emt 0:00:01]} Ne5 {[%emt 0:00:01]} 45. Rb8+ {[%emt 0:00:22]}
Kh7 {[%emt 0:00:03]} 46. Rb7 {[%emt 0:00:01]} Kg8 {[%emt 0:00:01]} 47. Rb8+ {
[%emt 0:00:01]} Kh7 {[%emt 0:00:01]} 48. Rb7 {[%emt 0:00:00]} Kg8 1/2-1/2